Sports Quiz

Random Sports or MLB Quiz

New York Mets Opening Day Starting Pitchers Quiz Stats

 Plays Quiz Updated Apr 1, 2019

Score 0/58 Timer 08:00
4 Plays Today
Year Name % Correct
2019Jacob deGrom
94.9%
1968Tom Seaver
89.1%
1969Tom Seaver
89.1%
1970Tom Seaver
89.1%
1971Tom Seaver
89.1%
1972Tom Seaver
89.1%
1973Tom Seaver
89.1%
1974Tom Seaver
89.1%
1975Tom Seaver
89.1%
1976Tom Seaver
89.1%
1977Tom Seaver
89.1%
1983Tom Seaver
89.1%
2016Matt Harvey
86.8%
1985Dwight Gooden
85.8%
1986Dwight Gooden
85.8%
1988Dwight Gooden
85.8%
1989Dwight Gooden
85.8%
1990Dwight Gooden
85.8%
1991Dwight Gooden
85.8%
1993Dwight Gooden
85.8%
1994Dwight Gooden
85.8%
2018Noah Syndergaard
81.1%
2017Noah Syndergaard
77.8%
2008Johan Santana
72.7%
2009Johan Santana
72.7%
2010Johan Santana
72.7%
2012Johan Santana
72.3%
2015Bartolo Colón
65.3%
1999Al Leiter
59.3%
Year Name % Correct
2001Al Leiter
59.3%
2002Al Leiter
59.3%
2005Pedro Martinez
59.1%
2003Tom Glavine
57.4%
2004Tom Glavine
57.4%
2006Tom Glavine
57.4%
2007Tom Glavine
57.4%
1978Jerry Koosman
53.8%
1992David Cone
53.6%
1995Bobby Jones
44.2%
1996Bobby Jones
44.1%
1998Bobby Jones
44.1%
1982Randy Jones
42.6%
2000Mike Hampton
40.4%
1987Bobby Ojeda
38.2%
2013Jon Niese
30.7%
2011Mike Pelfrey
30.7%
2014Dillon Gee
29%
1964Al Jackson
27.2%
1965Al Jackson
27.2%
1962Roger Craig
26.3%
1963Roger Craig
26.3%
1979Craig Swan
20.6%
1980Craig Swan
20.6%
1981Pat Zachry
12.9%
1997Pete Harnisch
12.1%
1984Mike Torrez
10.6%
1966Jack Fisher
8.6%
1967Don Cardwell
7.8%

You're not logged in!

Compare scores with friends on all Sporcle quizzes.
OR
Log In

You Might Also Like...

Show Comments

Extras

Top Quizzes Today


Score Distribution

Your Account Isn't Verified!

In order to create a playlist on Sporcle, you need to verify the email address you used during registration. Go to your Sporcle Settings to finish the process.

Report this User

Report this user for behavior that violates our Community Guidelines.

Details: